|
|
|
|
| LEADER |
00000nam0a2200000 4500 |
| 001 |
210122 |
| 005 |
20231101225607.0 |
| 035 |
|
|
|a (RuTPU)RU\TPU\book\229493
|
| 035 |
|
|
|a RU\TPU\book\186925
|
| 090 |
|
|
|a 210122
|
| 100 |
|
|
|a 20120220d2010 k y0rusy50 ca
|
| 101 |
0 |
|
|a rus
|a eng
|
| 102 |
|
|
|a RU
|
| 105 |
|
|
|a y z 101zy
|
| 200 |
1 |
|
|a Модернизация инженерного и общего образования: проблемы и перспективы
|e труды VIII Всероссийской научно-практической конференции, 3 ноября 2010 года
|f Национальный исследовательский Томский политехнический университет (ТПУ), Юргинский технологический институт (ЮТИ)
|
| 210 |
|
|
|a Томск
|c Изд-во ТПУ
|d 2010
|
| 215 |
|
|
|a 256 с.
|
| 320 |
|
|
|a Библиогр. в конце докл.
|
| 330 |
|
|
|a В сборнике представлены материалы по современным проблемам инженерного образования, повышения уровня преподавания, качества обучения специальным дисциплинам в вузе. Рассмотрены новые формы организации воспитательной работы, а также рассмотрены теория и практика активизации учебно-познавательной деятельности студентов и учащихся. Отражены современные информационные технологии в обеспечении образовательного процесса. Материалы представляют интерес для теоретиков и практиков, работающих в сфере образования, преподавателей и студентов педагогических вузов, а также специалистов, интересующихся современными социально-экономическими процессами.
|
| 606 |
1 |
|
|a Инженерное образование
|x Организация
|x Модернизация
|y Россия
|2 stltpush
|3 (RuTPU)RU\TPU\subj\67487
|9 83263
|
| 610 |
1 |
|
|a вузы
|
| 610 |
1 |
|
|a высшее образование
|
| 610 |
1 |
|
|a профессиональное образование
|
| 610 |
1 |
|
|a инженерное образование
|
| 610 |
1 |
|
|a Россия
|
| 610 |
1 |
|
|a образовательные технологии
|
| 610 |
1 |
|
|a информационные технологии
|
| 610 |
1 |
|
|a знания
|
| 610 |
1 |
|
|a педагогическое тестирование
|
| 610 |
1 |
|
|a специалисты
|
| 610 |
1 |
|
|a высшая школа
|
| 610 |
1 |
|
|a обучающие технологии
|
| 610 |
1 |
|
|a электронные учебники
|
| 610 |
1 |
|
|a образовательный менеджмент
|
| 610 |
1 |
|
|a педагогическое мастерство
|
| 610 |
1 |
|
|a профессиональное мастерство
|
| 610 |
1 |
|
|a студенты
|
| 610 |
1 |
|
|a воспитательная работа
|
| 610 |
1 |
|
|a познавательная деятельность
|
| 610 |
1 |
|
|a учебная деятельность
|
| 610 |
1 |
|
|a инновации
|
| 610 |
1 |
|
|a интерактивные технологии
|
| 610 |
1 |
|
|a самостоятельная работа
|
| 610 |
1 |
|
|a научно-исследовательская работа
|
| 610 |
1 |
|
|a конференции
|
| 610 |
1 |
|
|a труды учёных ТПУ
|
| 686 |
|
|
|a Ч484(2)ло
|v LBC/SL-A
|2 rubbk
|
| 712 |
1 |
2 |
|a Модернизация инженерного и общего образования: проблемы и перспективы
|b конференция
|e Юрга
|f 2009
|
| 712 |
0 |
2 |
|a Национальный исследовательский Томский политехнический университет (ТПУ)
|b Юргинский технологический институт (ЮТИ)
|c (2009- )
|2 stltpush
|3 (RuTPU)RU\TPU\col\15903
|
| 801 |
|
1 |
|a RU
|b 63413507
|c 20091211
|
| 801 |
|
2 |
|a RU
|b 63413507
|c 20130604
|g RCR
|
| 942 |
|
|
|c BK
|